000 01210cam a2200265 a 4500
005 20091121122244.0
008 000504s2000 nik 000 0 eng d
010 _aENG-95536-37
020 _a9788131306420 (Set of 2 Vols.)
_c1500.00 (set)
035 _aEN-79069-70
037 _bDBAD/PUB
040 _aDPL
082 _a378.003
245 _aEncyclopaedia of higher education /
_cedited by S.K. Bawa
260 _aNew Delhi
_bAPH. Publishing Corporation
_c2009
270 _a4435-36/7 Ansari Road, Darya Ganj
_bNew Delhi
_e110002
300 _a2v (216p. ; 217-293 p.)
_c22 cm.(Hb)
500 _aIt is a set of 2 vols. and set price is Rs. 1500.00
700 _aBawa, S.K.
942 _2ddc
_cEN
_mENC
_h378.003
999 _c32016
_d32016